| 000 | 00695 a2200229 4500 | ||
|---|---|---|---|
| 999 |
_c11077 _d11077 |
||
| 020 | _a9780763831066 | ||
| 050 |
_aR728.8 _bETT 2009 |
||
| 100 |
_aEttinger, Alice G _eauthor |
||
| 245 |
_a Medical transcription / _cAlice G.Ettinger and Blanche Ettinger |
||
| 250 | _athird edition | ||
| 264 |
_a St. Paul : _bEMC Paradigm, _cc2009 |
||
| 300 |
_a546 pages _billustratios |
||
| 336 |
_2rdacontent _atext _btxt |
||
| 337 |
_2rdamedia _aunmediated _bn |
||
| 338 |
_1rdacarrier _avolume _bnc |
||
| 500 | _aincludes index | ||
| 650 | _amedical recors | ||
| 650 | _amedical secretaries | ||
| 650 | _amedical transcrtiption | ||
| 700 |
_aEttinger Blanche _eauthor |
||
| 942 |
_2lcc _cBK _h728.8 _iETT _kR |
||